Rozpoznaj kraj europejski po rejestracjach samochodowych(geomex) - Statystyki

Ogólne statystyki
  • Ten quiz został rozwiązany 194 razy
  • Średni wynik to 5 z 10
Statystyki odpowiedzi
Einahcur Odpowiedź % Poprawnych
PL Polska
96%
RO Rumunia
80%
I Włochy
69%
HR Chorwacja
65%
TR Turcja
57%
V Watykan
40%
FO Wyspy owcze
23%
RKS Kosowo
22%
NL Cholandia
17%
BG Bugaria
15%
Nie znaleziono quizów pasujących do podanych kryteriów
Rozkład punktacji
Procent ludzi z każdym wynikiem
Percentyl według liczby udzielonych odpowiedzi
Twoja historia wyników
Nie rozwiązałeś tego quizu